[Event "GBR-ch108 Major Open"]
[Site "Torquay"]
[Date "2022.08.16"]
[Round "4"]
[White "McCarthy, Damian"]
[Black "Midhun, P U."]
[Result "0-1"]
[WhiteElo "1860"]
[BlackElo "1965"]
[PlyCount "52"]
[EventDate "2022.08.13"]
[EventType "swiss"]
[EventRounds "9"]
[EventCountry "GBR"]
[SourceTitle "BritBase"]
[Source "John Saunders"]
[SourceDate "2021.06.05"]
[SourceVersion "1"]
[SourceVersionDate "2021.06.05"]
[SourceQuality "1"]

1. e4 e5 2. Nf3 Nc6 3. d4 exd4 4. Nxd4 Nf6 5. Nxc6 bxc6 6. e5 Qe7 7. Qe2 Nd5 8.
h4 Rb8 9. g3 g6 10. Nd2 Bg7 11. c4 Ba6 12. f4 O-O 13. Qe4 f5 14. Qe2 d6 15. Nf3
dxe5 16. Nxe5 Rbe8 17. Bd2 Bxe5 18. fxe5 Qxe5 19. Qxe5 Rxe5+ 20. Kf2 Nf6 21.
Bf4 Re7 22. b3 Rfe8 23. Rd1 c5 24. Bd3 Ng4+ 25. Kf1 Bb7 26. Rg1 Bf3 0-1

[Event "GBR-ch108 Major Open"]
[Site "Torquay"]
[Date "2022.08.16"]
[Round "4"]
[White "Foster, Timothy"]
[Black "Shaw, Peter"]
[Result "1/2-1/2"]
[WhiteElo "1766"]
[BlackElo "2117"]
[PlyCount "115"]
[EventDate "2022.08.13"]
[EventType "swiss"]
[EventRounds "9"]
[EventCountry "GBR"]
[SourceTitle "BritBase"]
[Source "John Saunders"]
[SourceDate "2021.06.05"]
[SourceVersion "1"]
[SourceVersionDate "2021.06.05"]
[SourceQuality "1"]

1. d4 f5 2. Nf3 e6 3. g3 Nf6 4. Bg2 Be7 5. c4 O-O 6. O-O d6 7. Nc3 Ne4 8. Nxe4
fxe4 9. Ne1 d5 10. Be3 Nc6 11. Rc1 Bg5 12. Bxg5 Qxg5 13. e3 Bd7 14. Qd2 Rf6 15.
f3 exf3 16. Rxf3 Raf8 17. Rxf6 Rxf6 18. Nf3 Qh5 19. cxd5 exd5 20. Ne5 Nxe5 21.
dxe5 Qxe5 22. Qxd5+ Qxd5 23. Bxd5+ Be6 24. Bxe6+ Rxe6 25. Rxc7 Ra6 26. a3 Rb6
27. b4 a5 28. bxa5 Rb5 29. Kf2 Rxa5 30. Rxb7 Rxa3 31. Kf3 Ra8 32. Ke4 Re8+ 33.
Kd4 Rd8+ 34. Kc5 Rd2 35. e4 Rxh2 36. Kd6 h5 37. e5 Ra2 38. e6 Rd2+ 39. Kc7 Kf8
40. Kc6 g5 41. Rd7 Rc2+ 42. Kd6 Rd2+ 43. Kc7 Re2 44. Rf7+ Ke8 45. Kd6 Re3 46.
Rh7 Rd3+ 47. Ke5 Rxg3 48. Rxh5 Rg1 49. Rh8+ Ke7 50. Rh7+ Ke8 51. Kf6 Rf1+ 52.
Kxg5 Rg1+ 53. Kf6 Rf1+ 54. Ke5 Re1+ 55. Kd6 Rd1+ 56. Ke5 Re1+ 57. Kd6 Rd1+ 58.
Ke5 1/2-1/2

[Event "GBR-ch108 Major Open"]
[Site "Torquay"]
[Date "2022.08.16"]
[Round "4"]
[White "Duke, Dillan"]
[Black "Alldritt, Nigel R E"]
[Result "0-1"]
[WhiteElo "1237"]
[BlackElo "2049"]
[PlyCount "152"]
[EventDate "2022.08.13"]
[EventType "swiss"]
[EventRounds "9"]
[EventCountry "GBR"]
[SourceTitle "BritBase"]
[Source "John Saunders"]
[SourceDate "2021.06.05"]
[SourceVersion "1"]
[SourceVersionDate "2021.06.05"]
[SourceQuality "1"]

1. e4 e6 2. d4 d5 3. Nc3 Bb4 4. e5 c5 5. a3 Bxc3+ 6. bxc3 Ne7 7. Nf3 Bd7 8. Be2
Ba4 9. O-O Qc7 10. Bd3 c4 11. Be2 Nd7 12. h4 O-O-O 13. Re1 h6 14. h5 Rdg8 15.
Nh4 Nf8 16. Rb1 Nc6 17. g3 Qe7 18. Kh2 g6 19. Ng2 f6 20. f4 f5 21. Be3 Qg7 22.
Bf2 g5 23. Rh1 Nh7 24. Bf3 Nd8 25. Rb4 Be8 26. Kg1 Nc6 27. Rb2 Qe7 28. Qa1 Bf7
29. a4 b6 30. Kf1 Qe8 31. Ne3 g4 32. Bxd5 exd5 33. Nxf5 Qd7 34. Nd6+ Kd8 35.
Kg2 Be6 36. Rb5 Ke7 37. Rf1 Rb8 38. Be3 Bf5 39. Qa3 Ke6 40. Rb2 Qe7 41. Qa1
Rhd8 42. Nxf5 Kxf5 43. Rbb1 Nf8 44. Bc1 Ne6 45. Ba3 Qf7 46. Rh1 Rg8 47. Rbe1
Rbe8 48. Rh4 Qh7 49. Qb1 Qd7 50. Qb5 Rg7 51. Bd6 Ncxd4 52. cxd4 Qxb5 53. axb5
Nxd4 54. Rc1 Nxb5 55. Bb4 Nd4 56. Kf2 Ke6 57. Rhh1 Nf5 58. c3 a5 59. Ba3 b5 60.
Bc5 Rb7 61. Ra1 Rc8 62. Be3 Ra8 63. Bc5 d4 64. cxd4 b4 65. Rhb1 b3 66. Ra3 Kd5
67. Rba1 a4 68. Rc1 b2 69. Rb1 Rb3 70. Ke1 Nxd4 71. Bxd4 Rxa3 72. Bxb2 Rb3 73.
Rd1+ Rd3 74. Rxd3+ cxd3 75. Kd2 Ke4 76. e6 Re8 0-1

[Event "GBR-ch108 Major Open"]
[Site "Torquay"]
[Date "2022.08.16"]
[Round "4"]
[White "Walley, A Clive"]
[Black "Starley, Robert"]
[Result "0-1"]
[WhiteElo "1822"]
[BlackElo "1900"]
[PlyCount "61"]
[EventDate "2022.08.13"]
[EventType "swiss"]
[EventRounds "9"]
[EventCountry "GBR"]
[SourceTitle "BritBase"]
[Source "John Saunders"]
[SourceDate "2021.06.05"]
[SourceVersion "1"]
[SourceVersionDate "2021.06.05"]
[SourceQuality "1"]

1. e4 c5 2. Nf3 g6 3. d4 cxd4 4. Nxd4 Nc6 5. Be3 Bg7 6. c4 Nf6 7. Nc3 d6 8. Be2
O-O 9. f3 Bd7 10. Qd2 Qa5 11. Rc1 Rfc8 12. b3 a6 13. Nxc6 Rxc6 14. Nd5 Qd8 15.
O-O a5 16. Nxf6+ Bxf6 17. c5 dxc5 18. Rxc5 Rd6 19. Rd5 Rxd5 20. Qxd5 Qc7 21.
Rc1 Bc6 22. Bb5 Bb2 23. Rc2 Rd8 24. Qc5 Rd1+ 25. Kf2 Qxh2 26. Ke2 Qh1 27. Bf2
Bxb5+ 28. Ke3 Qh6+ 29. f4 Rd3+ 30. Ke2 Rd5+ 31. Ke1 0-1

[Event "GBR-ch108 Major Open"]
[Site "Torquay"]
[Date "2022.08.16"]
[Round "4"]
[White "Sugden, John N"]
[Black "Khoury, Theo"]
[Result "1/2-1/2"]
[WhiteElo "2032"]
[BlackElo "1444"]
[PlyCount "65"]
[EventDate "2022.08.13"]
[EventType "swiss"]
[EventRounds "9"]
[EventCountry "GBR"]
[SourceTitle "BritBase"]
[Source "John Saunders"]
[SourceDate "2021.06.05"]
[SourceVersion "1"]
[SourceVersionDate "2021.06.05"]
[SourceQuality "1"]

1. e4 c5 2. Nc3 d6 3. g3 Nc6 4. Bg2 g6 5. d3 Bg7 6. f4 e6 7. Nf3 Nge7 8. O-O
O-O 9. Be3 Rb8 10. Rb1 b5 11. a3 a5 12. a4 b4 13. Nb5 Ba6 14. c4 Qd7 15. Qd2
Rfd8 16. Rfd1 Nc8 17. b3 Qe7 18. Qf2 f5 19. exf5 gxf5 20. d4 cxd4 21. Nfxd4
Nxd4 22. Nxd4 Bb7 23. Bxb7 Bxd4 24. Bxd4 Qxb7 25. Re1 Re8 26. Rbd1 Nb6 27. Bb2
Nc8 28. Rd2 Qb6 29. Qxb6 Rxb6 30. Red1 Kf7 31. Kf2 h5 32. Kf3 Rc6 33. Rd3
1/2-1/2

[Event "GBR-ch108 Major Open"]
[Site "Torquay"]
[Date "2022.08.16"]
[Round "4"]
[White "Miller, George"]
[Black "Koiza, Peter"]
[Result "0-1"]
[WhiteElo "1783"]
[BlackElo "1781"]
[PlyCount "63"]
[EventDate "2022.08.13"]
[EventType "swiss"]
[EventRounds "9"]
[EventCountry "GBR"]
[SourceTitle "BritBase"]
[Source "John Saunders"]
[SourceDate "2021.06.05"]
[SourceVersion "1"]
[SourceVersionDate "2021.06.05"]
[SourceQuality "1"]

1. c4 c6 2. e4 d5 3. exd5 cxd5 4. d4 Nf6 5. Nc3 g6 6. Qb3 Bg7 7. cxd5 O-O 8.
Nf3 Nbd7 9. Bc4 Nb6 10. O-O Bf5 11. Bg5 Rc8 12. Bxf6 Bxf6 13. Be2 Qd6 14. Ne5
Bxe5 15. dxe5 Qxe5 16. Bf3 Nc4 17. Rfe1 Qc7 18. Rad1 Ne5 19. Be4 Ng4 20. h3
Qh2+ 21. Kf1 Bxe4 22. Rxe4 Nf6 23. Rxe7 Qh1+ 24. Ke2 Qxg2 25. Qxb7 Rfe8 26.
Qxa7 Rxe7+ 27. Qxe7 Re8 28. d6 Qc6 29. Nd5 Nxd5 30. Rxd5 Rxe7+ 31. dxe7 Qe6+
32. Kf3 0-1

[Event "GBR-ch108 Major Open"]
[Site "Torquay"]
[Date "2022.08.16"]
[Round "4"]
[White "Gardiner, Eric D"]
[Black "Cox, Toby"]
[Result "1/2-1/2"]
[WhiteElo "1915"]
[BlackElo "1702"]
[PlyCount "97"]
[EventDate "2022.08.13"]
[EventType "swiss"]
[EventRounds "9"]
[EventCountry "GBR"]
[SourceTitle "BritBase"]
[Source "John Saunders"]
[SourceDate "2021.06.05"]
[SourceVersion "1"]
[SourceVersionDate "2021.06.05"]
[SourceQuality "1"]

1. e4 e6 2. d4 d5 3. e5 c5 4. c3 Nc6 5. Nf3 Bd7 6. Be2 Rc8 7. O-O a6 8. c4 dxc4
9. dxc5 Bxc5 10. Bxc4 Nge7 11. Nc3 Ng6 12. Qe2 Qc7 13. Kh1 Ncxe5 14. Nxe5 Qxe5
15. f4 Qxe2 16. Bxe2 Nh4 17. Bf3 Nxf3 18. Rxf3 Bc6 19. Rd3 O-O 20. Be3 Bxe3 21.
Rxe3 Rfd8 22. Re2 Rd4 23. Rf1 Rcd8 24. Kg1 Rd2 25. Rff2 Rxe2 26. Rxe2 Rd4 27.
g3 Kf8 28. Kf2 Rd3 29. Rc2 Ke7 30. Ke2 Rd7 31. Ke3 h6 32. Ne4 Bb5 33. Rc3 Kd8
34. Nc5 Rc7 35. a4 Bc6 36. a5 Bb5 37. b4 Ke7 38. Rc2 Rc6 39. Rd2 b6 40. Rd7+
Ke8 41. axb6 Rxb6 42. Ra7 Kf8 43. h4 Kg8 44. g4 Bc4 45. Ra8+ Kh7 46. Nd7 Rxb4
47. Nf8+ Kg8 48. Nd7+ Kh7 49. Nf8+ 1/2-1/2

[Event "GBR-ch108 Major Open"]
[Site "Torquay"]
[Date "2022.08.16"]
[Round "4"]
[White "Sanger, Jake M"]
[Black "Davis, Cameron"]
[Result "1/2-1/2"]
[WhiteElo "1639"]
[BlackElo "1487"]
[PlyCount "28"]
[EventDate "2022.08.13"]
[EventType "swiss"]
[EventRounds "9"]
[EventCountry "GBR"]
[SourceTitle "BritBase"]
[Source "John Saunders"]
[SourceDate "2021.06.05"]
[SourceVersion "1"]
[SourceVersionDate "2021.06.05"]
[SourceQuality "1"]

1. d4 d5 2. c4 Nc6 3. Nc3 Nf6 4. cxd5 Nxd5 5. e4 Nxc3 6. bxc3 e5 7. d5 Nb8 8.
Nf3 Nd7 9. Bb5 Bd6 10. Rb1 O-O 11. Bxd7 Qxd7 12. O-O f5 13. c4 Qe8 14. Rb3 f4
1/2-1/2

[Event "GBR-ch108 Major Open"]
[Site "Torquay"]
[Date "2022.08.16"]
[Round "4"]
[White "Merriman, James"]
[Black "Volovich, Julia"]
[Result "1-0"]
[WhiteElo "1683"]
[BlackElo "1625"]
[PlyCount "61"]
[EventDate "2022.08.13"]
[EventType "swiss"]
[EventRounds "9"]
[EventCountry "GBR"]
[SourceTitle "BritBase"]
[Source "John Saunders"]
[SourceDate "2021.06.05"]
[SourceVersion "1"]
[SourceVersionDate "2021.06.05"]
[SourceQuality "1"]

1. d4 Nf6 2. c4 g6 3. Nc3 d5 4. Nf3 Bg7 5. Bf4 O-O 6. Rc1 Be6 7. e3 dxc4 8. Ng5
Bd5 9. Nxd5 Nxd5 10. Bxc4 Nxf4 11. Qf3 e6 12. Qxf4 Qe7 13. O-O Nc6 14. d5 e5
15. Qh4 h6 16. dxc6 hxg5 17. Qe4 bxc6 18. Qxc6 Rab8 19. Bb3 Rfc8 20. Rfd1 Rd8
21. Rxd8+ Rxd8 22. Qxc7 Rd7 23. Qc8+ Rd8 24. Qc6 Rd6 25. Qe4 Qd7 26. Ba4 Qd8
27. h3 Rd2 28. Bb3 Rxb2 29. Qb7 Kh7 30. Qxf7 Qd2 31. Rc7 1-0

[Event "GBR-ch108 Major Open"]
[Site "Torquay"]
[Date "2022.08.16"]
[Round "4"]
[White "Menadue, Jeremy F S"]
[Black "Cordova-Lopez, Diego Anton"]
[Result "1/2-1/2"]
[WhiteElo "2008"]
[BlackElo "1471"]
[PlyCount "95"]
[EventDate "2022.08.13"]
[EventType "swiss"]
[EventRounds "9"]
[EventCountry "GBR"]
[SourceTitle "BritBase"]
[Source "John Saunders"]
[SourceDate "2021.06.05"]
[SourceVersion "1"]
[SourceVersionDate "2021.06.05"]
[SourceQuality "1"]

1. d4 d5 2. c4 e6 3. Nc3 c5 4. cxd5 exd5 5. Nf3 Nf6 6. Bg5 Be6 7. e3 c4 8. Be2
Bb4 9. Qa4+ Nc6 10. Ne5 Qa5 11. Qxa5 Nxa5 12. Bxf6 gxf6 13. Nf3 Nc6 14. O-O
Bxc3 15. bxc3 Rg8 16. Rab1 b6 17. Nh4 Ke7 18. Bf3 f5 19. g3 Rab8 20. Ng2 b5 21.
Nf4 Kd6 22. a3 a5 23. Rfc1 b4 24. cxb4 axb4 25. axb4 Rxb4 26. Rxb4 Nxb4 27. Rb1
Rb8 28. Bd1 Nc6 29. Rxb8 Nxb8 30. Kf1 Na6 31. Ke2 Nb4 32. Kd2 Bd7 33. Kc3 Na2+
34. Kb2 Nb4 35. Bh5 Be6 36. Bd1 Bd7 37. h4 h6 38. Ka3 Nc6 39. Nh5 Ne7 40. Kb4
Nc6+ 41. Kc3 Ne7 42. Bc2 Be6 43. Nf4 Ng6 44. Nh3 f4 45. Nxf4 Nxf4 46. exf4 Bg4
47. Kd2 Ke6 48. Ba4 1/2-1/2

[Event "GBR-ch108 Major Open"]
[Site "Torquay"]
[Date "2022.08.16"]
[Round "4"]
[White "Wilson, Matthew R"]
[Black "Norinkeviciute, Rasa"]
[Result "1/2-1/2"]
[WhiteElo "1797"]
[BlackElo "1837"]
[PlyCount "105"]
[EventDate "2022.08.13"]
[EventType "swiss"]
[EventRounds "9"]
[EventCountry "GBR"]
[SourceTitle "BritBase"]
[Source "John Saunders"]
[SourceDate "2021.06.05"]
[SourceVersion "1"]
[SourceVersionDate "2021.06.05"]
[SourceQuality "1"]

1. e4 c5 2. Nc3 Nc6 3. f4 e6 4. Nf3 a6 5. Be2 d5 6. d3 d4 7. Nb1 Nf6 8. O-O Be7
9. a4 Rb8 10. Qe1 Qc7 11. Ne5 b5 12. Nxc6 Qxc6 13. Qg3 Bf8 14. f5 Ra8 15. e5
Nd5 16. c4 dxc3 17. Nxc3 Nxc3 18. bxc3 Rb8 19. Bf3 Qb6 20. a5 Qc7 21. Bf4 Bd7
22. d4 b4 23. fxe6 fxe6 24. d5 c4 25. d6 Qc5+ 26. Kh1 b3 27. Be3 Qb5 28. Bb6
Rxb6 29. axb6 Qxb6 30. Bh5+ Kd8 31. Qf3 b2 32. Qxf8+ Rxf8 33. Rxf8+ Be8 34. Rb1
g6 35. Bg4 Qe3 36. Bxe6 Qe4 37. Rff1 Qxe5 38. Bxc4 Qxc3 39. Bxa6 Qa3 40. Be2
Bc6 41. Bg4 Qb4 42. Bf3 Bxf3 43. gxf3 Qc3 44. Kg2 Kd7 45. Rf2 Kxd6 46. Rbxb2
Ke6 47. Rfe2+ Kf6 48. Rb6+ Kg5 49. Rbe6 Qb3 50. Kg3 Qb8+ 51. R2e5+ Kh6 52. Kg4
Qa7 53. Re1 1/2-1/2

[Event "GBR-ch108 Major Open"]
[Site "Torquay"]
[Date "2022.08.16"]
[Round "4"]
[White "Novak, Vjekoslav"]
[Black "Young, Daniel J"]
[Result "1-0"]
[WhiteElo "1663"]
[BlackElo "1810"]
[PlyCount "93"]
[EventDate "2022.08.13"]
[EventType "swiss"]
[EventRounds "9"]
[EventCountry "GBR"]
[SourceTitle "BritBase"]
[Source "John Saunders"]
[SourceDate "2021.06.05"]
[SourceVersion "1"]
[SourceVersionDate "2021.06.05"]
[SourceQuality "1"]

1. f4 g6 2. e4 c5 3. d4 cxd4 4. Nf3 Bg7 5. Bd3 Nc6 6. O-O d5 7. e5 Nh6 8. h3
O-O 9. Qe1 Bf5 10. g4 Bxd3 11. cxd3 f6 12. e6 Qd6 13. Na3 Rac8 14. Nc2 Kh8 15.
Bd2 a5 16. Qh4 Qxe6 17. f5 gxf5 18. Bxh6 Bxh6 19. Qxh6 fxg4 20. Nfxd4 Nxd4 21.
Nxd4 Qb6 22. Qe3 gxh3 23. Nf5 Qxb2 24. Qxh3 Rg8+ 25. Kh1 Rg5 26. Rab1 Qe2 27.
Rbe1 Qh5 28. Qxh5 Rxh5+ 29. Kg2 Rg8+ 30. Ng3 Rhg5 31. Rf3 e5 32. Kf2 Rf8 33.
Nf5 Rc8 34. Re2 h5 35. Ne7 Rc1 36. Nxd5 Rcg1 37. Rxf6 R1g2+ 38. Ke1 Rxe2+ 39.
Kxe2 Rg2+ 40. Kf3 Rxa2 41. Rh6+ Kg7 42. Rxh5 b5 43. Rxe5 b4 44. Ke3 b3 45. Nc3
a4 46. Nxa2 Kf6 47. Ra5 1-0

[Event "GBR-ch108 Major Open"]
[Site "Torquay"]
[Date "2022.08.16"]
[Round "4"]
[White "Dasgupta, Avyukt"]
[Black "Phillips, Owen S"]
[Result "1/2-1/2"]
[WhiteElo "1570"]
[BlackElo "1851"]
[PlyCount "53"]
[EventDate "2022.08.13"]
[EventType "swiss"]
[EventRounds "9"]
[EventCountry "GBR"]
[SourceTitle "BritBase"]
[Source "John Saunders"]
[SourceDate "2021.06.05"]
[SourceVersion "1"]
[SourceVersionDate "2021.06.05"]
[SourceQuality "1"]

1. b4 c6 2. Bb2 Qb6 3. a3 a5 4. c4 axb4 5. c5 Qc7 6. axb4 Rxa1 7. Bxa1 b6 8. d4
d5 9. Nf3 b5 10. e3 Bf5 11. Nc3 g6 12. Ne5 Bg7 13. f4 f6 14. Nf3 Nh6 15. h3 Bd7
16. Qb3 e6 17. g4 Nf7 18. Ne2 O-O 19. h4 e5 20. Bh3 exf4 21. exf4 Re8 22. Kf2
Qc8 23. Rg1 h5 24. Nh2 Nh6 25. Qg3 Nxg4+ 26. Bxg4 Bxg4 27. Nxg4 1/2-1/2

[Event "GBR-ch108 Major Open"]
[Site "Torquay"]
[Date "2022.08.16"]
[Round "4"]
[White "Jakhria, Kushal"]
[Black "Matthews, Adrian M S"]
[Result "1-0"]
[WhiteElo "1367"]
[BlackElo "1932"]
[PlyCount "103"]
[EventDate "2022.08.13"]
[EventType "swiss"]
[EventRounds "9"]
[EventCountry "GBR"]
[SourceTitle "BritBase"]
[Source "John Saunders"]
[SourceDate "2021.06.05"]
[SourceVersion "1"]
[SourceVersionDate "2021.06.05"]
[SourceQuality "1"]

1. d4 Nf6 2. c4 c5 3. d5 b5 4. cxb5 a6 5. bxa6 Bxa6 6. Nc3 g6 7. e4 Bxf1 8.
Kxf1 d6 9. g3 Bg7 10. Kg2 O-O 11. Nf3 Nbd7 12. a4 Qb6 13. Qe2 Rfb8 14. Nb5 Ne8
15. Ra3 Nc7 16. Nxc7 Qxc7 17. b3 Rb7 18. Qc2 Nb8 19. Nd2 Na6 20. Nc4 Nb4 21.
Qe2 Rab8 22. Bd2 Ra7 23. Rc1 Qb7 24. h4 Qd7 25. h5 f5 26. Bxb4 Rxb4 27. Rh1
fxe4 28. Qxe4 Qf5 29. Qxf5 gxf5 30. h6 Bf6 31. Rh5 Kf7 32. Rxf5 Kg6 33. Rf3 Bg5
34. Rf8 Bxh6 35. Rc8 Bg7 36. Rc6 Kf5 37. a5 Ke4 38. Nb6 Bb2 39. Ra2 Rxb3 40. a6
Bd4 41. Nc8 Ra8 42. Nxe7 c4 43. Rxc4 Kd3 44. Rc7 Bc5 45. Rb7 Kc4 46. Rc7 Kb5
47. a7 Kb6 48. Rd7 Ba3 49. Rd2 Bc5 50. Nc6 Ra3 51. Rb2+ Ka6 52. Rb8 1-0

[Event "GBR-ch108 Major Open"]
[Site "Torquay"]
[Date "2022.08.16"]
[Round "4"]
[White "Adams, Henry"]
[Black "Kumar, Soham"]
[Result "1/2-1/2"]
[WhiteElo "1473"]
[BlackElo "1368"]
[PlyCount "73"]
[EventDate "2022.08.13"]
[EventType "swiss"]
[EventRounds "9"]
[EventCountry "GBR"]
[SourceTitle "BritBase"]
[Source "John Saunders"]
[SourceDate "2021.06.05"]
[SourceVersion "1"]
[SourceVersionDate "2021.06.05"]
[SourceQuality "1"]

1. e4 c5 2. Nf3 g6 3. c3 Nf6 4. e5 Nd5 5. d4 cxd4 6. Qxd4 e6 7. Bc4 Nc6 8. Qe4
Nb6 9. Bb3 d5 10. exd6 Qxd6 11. Bf4 Qe7 12. O-O Bg7 13. Rd1 e5 14. Bg3 Bf5 15.
Qe2 O-O 16. Nbd2 Na5 17. Nd4 Nxb3 18. Nxf5 gxf5 19. axb3 Rfe8 20. Qh5 Qe6 21.
Nc4 Nxc4 22. bxc4 f4 23. Bh4 Qxc4 24. Rd7 b5 25. Raxa7 Rxa7 26. Rxa7 b4 27. Qg4
Qc8 28. h3 Qxg4 29. hxg4 bxc3 30. bxc3 e4 31. Rc7 e3 32. fxe3 fxe3 33. Kf1 e2+
34. Ke1 h5 35. gxh5 Re3 36. Kd2 Bh6 37. Ke1 1/2-1/2

[Event "GBR-ch108 Major Open"]
[Site "Torquay"]
[Date "2022.08.16"]
[Round "4"]
[White "Collins, Jonathan"]
[Black "Hickman, John E"]
[Result "1/2-1/2"]
[WhiteElo "1740"]
[BlackElo "1832"]
[PlyCount "93"]
[EventDate "2022.08.13"]
[EventType "swiss"]
[EventRounds "9"]
[EventCountry "GBR"]
[SourceTitle "BritBase"]
[Source "John Saunders"]
[SourceDate "2021.06.05"]
[SourceVersion "1"]
[SourceVersionDate "2021.06.05"]
[SourceQuality "1"]

1. e4 d6 2. Nf3 Nf6 3. d3 g6 4. g3 Bg7 5. Bg2 O-O 6. O-O c5 7. c3 Nc6 8. a4 e5
9. Bg5 h6 10. Bxf6 Qxf6 11. Na3 Be6 12. Nc2 Rad8 13. Ne3 d5 14. exd5 Bxd5 15.
Nxd5 Rxd5 16. Nd4 Rd7 17. Nxc6 bxc6 18. Qe2 Rfd8 19. Rfd1 Qd6 20. Qe4 Qd5 21.
Qe3 Qd6 22. Qe4 Qd5 23. Qe2 Qd6 24. Qg4 Kh7 25. Qc4 Rb8 26. Rab1 f5 27. Bf3
Rdb7 28. Qa2 Rb3 29. h4 h5 30. Kg2 a5 31. Rd2 e4 32. Bd1 R3b7 33. Qc4 Bh6 34.
Re2 exd3 35. Re6 Qd5+ 36. Qxd5 cxd5 37. b3 c4 38. Rd6 Bg7 39. Rxd5 Bxc3 40. Rc5
Rb4 41. Rc1 d2 42. Rxc3 cxb3 43. Rc7+ Kh8 44. Rd7 b2 45. Rcc7 b1=Q 46. Rh7+ Kg8
47. Rhg7+ 1/2-1/2

[Event "GBR-ch108 Major Open"]
[Site "Torquay"]
[Date "2022.08.16"]
[Round "4"]
[White "Hutchence, Gregg Sh"]
[Black "Johnson, Paul A"]
[Result "0-1"]
[WhiteElo "1417"]
[BlackElo "1827"]
[PlyCount "68"]
[EventDate "2022.08.13"]
[EventType "swiss"]
[EventRounds "9"]
[EventCountry "GBR"]
[SourceTitle "BritBase"]
[Source "John Saunders"]
[SourceDate "2021.06.05"]
[SourceVersion "1"]
[SourceVersionDate "2021.06.05"]
[SourceQuality "1"]

1. d4 d5 2. c4 e6 3. Nc3 Nf6 4. Bg5 Be7 5. e3 O-O 6. Rc1 Nbd7 7. cxd5 exd5 8.
Nf3 c6 9. Bd3 Re8 10. Qc2 Nf8 11. O-O Ne4 12. Bxe7 Qxe7 13. a3 Nxc3 14. Qxc3 a5
15. b4 axb4 16. axb4 Be6 17. Ra1 Nd7 18. Ra3 Rxa3 19. Qxa3 Nb6 20. Nd2 Ra8 21.
Qb3 Ra4 22. Rb1 Qf8 23. Qc3 Qa8 24. Nb3 Nc4 25. Bxc4 dxc4 26. Nc5 Ra3 27. Qc2
Ra1 28. Nxe6 fxe6 29. f3 c3 30. Qe4 Rxb1+ 31. Qxb1 Qa3 32. Qe4 Qa2 33. Qh4 h6
34. Qd8+ Kh7 0-1

[Event "GBR-ch108 Major Open"]
[Site "Torquay"]
[Date "2022.08.16"]
[Round "4"]
[White "Gartside, Carl"]
[Black "Gamal, Alaa"]
[Result "1-0"]
[WhiteElo "1739"]
[BlackElo "1690"]
[PlyCount "83"]
[EventDate "2022.08.13"]
[EventType "swiss"]
[EventRounds "9"]
[EventCountry "GBR"]
[SourceTitle "BritBase"]
[Source "John Saunders"]
[SourceDate "2021.06.05"]
[SourceVersion "1"]
[SourceVersionDate "2021.06.05"]
[SourceQuality "1"]

1. e4 g6 2. d4 d6 3. Nc3 Bg7 4. Be3 b6 5. Qd2 h6 6. f4 e6 7. Nf3 Ne7 8. Bd3 Nd7
9. O-O f5 10. e5 Bb7 11. a4 a6 12. Qe2 dxe5 13. dxe5 c5 14. Rad1 Nd5 15. Bc4
Nf8 16. Rd3 Qd7 17. Rfd1 Nxc3 18. bxc3 Qxa4 19. Rd6 Bc6 20. Bb3 Qe4 21. Nd2
Qxg2+ 22. Qxg2 Bxg2 23. Kxg2 Rb8 24. Bxe6 Nxe6 25. Rxe6+ Kf7 26. Rd6 Bf8 27.
Rd7+ Be7 28. Nc4 Rhg8 29. Ra7 a5 30. Rdd7 Rge8 31. Nd6+ Kf8 32. Nxe8 Rxe8 33.
c4 Kf7 34. Rdb7 Kf8 35. Rxb6 g5 36. Rxh6 Kg7 37. fxg5 a4 38. Rha6 Kf8 39. Kf3
Rd8 40. Rh6 Rd1 41. Ke2 Ra1 42. Bxc5 1-0

[Event "GBR-ch108 Major Open"]
[Site "Torquay"]
[Date "2022.08.16"]
[Round "4"]
[White "Humphreys, Jerry G"]
[Black "Pert, Max"]
[Result "1-0"]
[WhiteElo "1942"]
[BlackElo "1487"]
[PlyCount "69"]
[EventDate "2022.08.13"]
[EventType "swiss"]
[EventRounds "9"]
[EventCountry "GBR"]
[SourceTitle "BritBase"]
[Source "John Saunders"]
[SourceDate "2021.06.05"]
[SourceVersion "1"]
[SourceVersionDate "2021.06.05"]
[SourceQuality "1"]

1. c4 e5 2. Nc3 Nc6 3. g3 Bc5 4. Bg2 d6 5. e3 a6 6. Nge2 f5 7. O-O Nf6 8. b3
O-O 9. Bb2 Qe8 10. Nd5 Qf7 11. d4 Ba7 12. Rc1 Ne8 13. Qd2 Bd7 14. b4 e4 15. f3
exf3 16. Bxf3 Rc8 17. e4 Ne5 18. Bg2 c6 19. Ne3 Ng6 20. Nxf5 Bxf5 21. Rxf5 Nf6
22. Kh1 Qe7 23. Qd3 d5 24. cxd5 cxd5 25. Rxc8 Rxc8 26. e5 Nd7 27. Bxd5+ Kh8 28.
a3 Rc7 29. Qe4 Qd8 30. Rf7 Qe8 31. Nf4 Nxf4 32. Qxf4 Rc2 33. Rxd7 Rxb2 34. Qf7
Qc8 35. Qxg7# 1-0

[Event "GBR-ch108 Major Open"]
[Site "Torquay"]
[Date "2022.08.16"]
[Round "4"]
[White "Taylor, William J"]
[Black "Renshaw, Lucas"]
[Result "0-1"]
[WhiteElo "1936"]
[BlackElo "1595"]
[PlyCount "98"]
[EventDate "2022.08.13"]
[EventType "swiss"]
[EventRounds "9"]
[EventCountry "GBR"]
[SourceTitle "BritBase"]
[Source "John Saunders"]
[SourceDate "2021.06.05"]
[SourceVersion "1"]
[SourceVersionDate "2021.06.05"]
[SourceQuality "1"]

1. e4 c5 2. Nf3 d6 3. d4 cxd4 4. Nxd4 Nf6 5. Nc3 a6 6. Be2 e5 7. Nf3 Be7 8. O-O
O-O 9. a4 Qc7 10. Bg5 Be6 11. Bxf6 Bxf6 12. Nd5 Bxd5 13. Qxd5 Nc6 14. c3 Rac8
15. Nd2 Ne7 16. Qd3 d5 17. exd5 Nxd5 18. Ne4 Rcd8 19. c4 Nf4 20. Nxf6+ gxf6 21.
Qe3 Rd4 22. b3 Rfd8 23. g3 Nxe2+ 24. Qxe2 Qd6 25. Qf3 Qc6 26. Qxc6 bxc6 27. c5
a5 28. Rfc1 R8d5 29. Rc3 f5 30. Rac1 e4 31. Kf1 Kg7 32. R1c2 Kf6 33. Ke2 Rd3
34. h3 Ke5 35. h4 h5 36. Rc1 Rd2+ 37. Kf1 f4 38. gxf4+ Kxf4 39. Re1 Rb2 40. Re2
Rd1+ 41. Re1 Rdd2 42. Kg1 Rxf2 43. Rc4 f5 44. b4 Kg3 45. Rc3+ Rf3 46. Rcc1 Rxb4
47. Red1 Rd3 48. Rxd3+ exd3 49. Kf1 Rxh4 0-1

[Event "GBR-ch108 Major Open"]
[Site "Torquay"]
[Date "2022.08.16"]
[Round "4"]
[White "Chan, Michelle (Ngo Yu)"]
[Black "Wheeler, James M"]
[Result "1/2-1/2"]
[WhiteElo "1243"]
[BlackElo "1791"]
[PlyCount "40"]
[EventDate "2022.08.13"]
[EventType "swiss"]
[EventRounds "9"]
[EventCountry "GBR"]
[SourceTitle "BritBase"]
[Source "John Saunders"]
[SourceDate "2021.06.05"]
[SourceVersion "1"]
[SourceVersionDate "2021.06.05"]
[SourceQuality "1"]

1. e4 d6 2. d4 Nf6 3. Nc3 Nbd7 4. f4 e5 5. fxe5 dxe5 6. d5 Bb4 7. Bd3 c6 8.
dxc6 bxc6 9. Nh3 Nc5 10. Nf2 Qd4 11. Bd2 Nxd3+ 12. cxd3 Bc5 13. Qe2 Ba6 14.
Ncd1 Bb4 15. Bxb4 Qxb4+ 16. Qd2 Qxd2+ 17. Kxd2 O-O 18. Rc1 Rfd8 19. Nc3 Rd6 20.
Rhd1 Bc8 1/2-1/2